Los pueblos olvidados de la provincia de Cuenca : (Record no. 190571)
[ view plain ]
| 000 -LEADER | |
|---|---|
| campo de control de longitud fija | 00754nam a2200181 i 4500 |
| 001 - NÚMERO DE CONTROL | |
| campo de control | 190571 |
| 003 - IDENTIFICADOR DE NÚMERO DE CONTROL | |
| campo de control | ES-MaACL |
| 005 - FECHA Y HORA DE LA ÚLTIMA TRANSACCIÓN | |
| campo de control | 20230906223800.0 |
| 008 - DATOS DE LONGITUD FIJA--INFORMACIÓN GENERAL | |
| campo de control de longitud fija | 211026s2021 sp a 000 0 spa d |
| 100 1# - ENTRADA PRINCIPAL--NOMBRE DE PERSONA | |
| Nombre de persona | Martínez Pastor, José. |
| 9 (RLIN) | 173723 |
| 245 14 - MENCIÓN DEL TÍTULO | |
| Título | Los pueblos olvidados de la provincia de Cuenca : |
| Resto del título | descripción breve : noticias recogidas y ordenadas sobre Horcajada de la Torre / |
| Mención de responsabilidad, etc. | José Martínez Pastor. |
| 246 3# - FORMA VARIANTE DEL TITULO | |
| Título propio/Titulo breve | Noticias recogidas y ordenadas sobre Horcajada de la Torre |
| 260 ## - PUBLICACIÓN, DISTRIBUCIÓN, ETC. | |
| Lugar de publicación, distribución, etc. | [Madrid : |
| Nombre del editor, distribuidor, etc. | J. Martínez Pastor, |
| Fecha de publicación, distribución, etc. | 2021] |
| 300 ## - DESCRIPCIÓN FÍSICA | |
| Extensión | 80 p. : |
| Otras características físicas | il. ; |
| Dimensiones | 21 cm. |
| 651 #4 - PUNTO DE ACCESO ADICIONAL DE MATERIA--NOMBRE GEOGRÁFICO | |
| Nombre geográfico | Horcajada de la Torre. |
| 9 (RLIN) | 173724 |
| 651 #4 - PUNTO DE ACCESO ADICIONAL DE MATERIA--NOMBRE GEOGRÁFICO | |
| Nombre geográfico | Cuenca (Provincia)- |
| Subdivisión general | Historia. |
| 9 (RLIN) | 153467 |
| 852 4# - LOCALIZACIÓN | |
| Ubicación | ES-MaACL |
| Número de control de estantería | C-31562 |
| Nota libre | - Dedicatoria autógrafa del autor |
| Estatus retirado | Estado de pérdida | Estado de daño | No para préstamo | Biblioteca de origen | Biblioteca actual | Ubicación en estantería | Fecha de adquisición | Fuente de adquisición | Total de préstamos | Signatura topográfica completa | Código de barras | Visto por última vez | Precio de reemplazo | Tipo de ítem Koha |
|---|---|---|---|---|---|---|---|---|---|---|---|---|---|---|
| Biblioteca del Ateneo de Madrid | Biblioteca del Ateneo de Madrid | Depósito 2 | 26/10/2021 | C-31562 | 1202715 | 23/02/2023 | 23/02/2023 | Libro impreso |
